| 000 | 00423nam a2200169Ia 4500 | ||
|---|---|---|---|
| 008 | 100323t2003 xxu||||| |||| 00| 0 sin d | ||
| 041 | _asin | ||
| 080 |
_aX8S31 _bNIL |
||
| 100 | _aNilmini, Anuradha | ||
| 245 | _aපබළු වැස්ස | ||
| 246 | _aPabalu Vassa | ||
| 260 |
_bMalpiyali _aDankotuwa2003 _c2003 |
||
| 300 | _a76p., 21 cm | ||
| 942 | _cBK | ||
| 999 |
_c74069 _d74069 |
||
| 003 | LK-CoDNM | ||
| 040 |
_aLK-CoDNM _dLK-CoDNM _eLK-CoDNM |
||